书目信息 |
| 题名: |
力学在几何中的一些应用
|
|
| 作者: | 吴文俊 编 ;北京市数学会 编 | |
| 分册: | ||
| 出版信息: | 北京 人民教育出版社 1964.2 |
|
| 页数: | 22页 | |
| 开本: | 20cm | |
| 丛书名: | ||
| 单 册: | ||
| 中图分类: | O39 | |
| 科图分类: | ||
| 主题词: | 应用力学 , 力学--应用 | |
| 电子资源: | ||
| ISBN: | ||
| 000 | 00623nam0 2200217 45 | |
| 001 | 0405181182 | |
| 005 | 20060809144804.90 | |
| 010 | @dCNY0.08 | |
| 091 | @a13012.0251 | |
| 100 | @a20040518d1964 km y0chiy0120 ea | |
| 101 | 0 | @achi |
| 200 | 1 | @a力学在几何中的一些应用@Ali xue zai ji he zhong de yi xie ying yong@f吴文俊编@FWu Wen Jun Bian@g北京市数学会编 |
| 210 | @a北京@c人民教育出版社@d1964.2 | |
| 215 | @a22页@d20cm | |
| 606 | 0 | @a应用力学 |
| 606 | 0 | @a力学@x应用 |
| 690 | @aO39@v3 | |
| 701 | 0 | @a吴文俊@4编 |
| 712 | 02 | @a北京市数学会@ABei Jing Shi Shu Xue Hui@4编 |
| 801 | @aCN@bPftUser@c20060809 | |
| 905 | @dO39@e9 | |
| 力学在几何中的一些应用/吴文俊编/北京市数学会编.-北京:人民教育出版社,1964.2 |
| 22页;20cm |
| ISBN :CNY0.08 |
| ● |
| 相关链接 |
|
|
|
|
正题名:力学在几何中的一些应用
索取号:O39/9
 
预约/预借
| 序号 | 登录号 | 条形码 | 馆藏地/架位号 | 状态 | 备注 |
| 1 | 0028005 | 000386718 | 第三借阅区/ [索取号:O39/9] | 在馆 | |
| 2 | 0028006 | 000386601 | 第三借阅区/ [索取号:O39/9] | 在馆 | |
| 3 | 0028007 | 000386610 | 第三借阅区/ [索取号:O39/9] | 在馆 | |
| 4 | 0028008 | 000386629 | 第三借阅区/ [索取号:O39/9] | 在馆 | |
| 5 | 0028009 | 000386638 | 第三借阅区/ [索取号:O39/9] | 在馆 | |
| 6 | 0028010 | 000386647 | 第三借阅区/ [索取号:O39/9] | 在馆 | |
| 7 | 0028011 | 000386656 | 第三借阅区/ [索取号:O39/9] | 在馆 | |
| 8 | 0028012 | 000386709 | 第三借阅区/ [索取号:O39/9] | 在馆 | |
| 9 | 0028013 | 000386692 | 第三借阅区/ [索取号:O39/9] | 在馆 | |
| 10 | 0430326 | 204303262 | 密集书库/ [索取号:O39/9] | 在馆 | |
| 11 | 0430327 | 204303271 | 密集书库/ [索取号:O39/9] | 在馆 | |
| 12 | 0430328 | 204303280 | 密集书库/ [索取号:O39/9] | 在馆 | |
| 13 | 0430329 | 204303299 | 密集书库/ [索取号:O39/9] | 在馆 | |
| 14 | 0450029 | 204500290 | 密集书库/ [索取号:O39/9] | 在馆 |